00693nam a2200253 a 4500001001300000003000900013005001700022008004100039020001000080082001500090100001700105245002400122260003700146300000800183500003500191505001700226650001700243650001700260700001700277902000800294942000700302952011500309999001500424nice12345678IN_TiNIC20260116012050.0050524s1966 lona grp 000 0 eng  ac10000a232.4bMOU aMoule, C F D aSacrifice of Christ aLondonbHodder & Stoughtonc1966 a58p aincludes index and biblioraphy2 aBibliography aResurrection aJesus Christ1 aMoule, C F D bSRS cBK 001040708StackRoom-aHMIbHMId2008-04-16g100.00l0o232.4 MOUp06580r2008-04-16v100.00w2005-05-24yBK c5499d5499